Muḥāḍarāt al-Majmaʻ al-ʻIlmī al-ʻArabī bi-Dimashq /
Corporate Author:
Format: Book
Language: Arabic
Published:
Dimashq :
al-Majmaʻ,
1925-
Series:
Maṭbūʻāt al-Majmaʻ al-ʻIlmī al-ʻArabī bi-Dimashq.
Subjects:
Tags: Add Tag
Call Number: DS36.7 .M83 v.1
| LEADER | 01106nam a2200277Ia 4500 | ||
|---|---|---|---|
| 003 | OSt | ||
| 005 | 20230307134851.0 | ||
| 008 | 130303m19259999sy g b 000 0 ara d | ||
| 952 | |0 0 |1 0 |2 lcc |3 V.1 |4 0 |6 DS00367 M83 V.00001 |7 1 |9 45763 |a ARCE |b ARCE |d 2023-03-07 |l 0 |o DS36.7 .M83 v.1 |p 1022496 |r 2023-03-07 00:00:00 |w 2023-03-07 |y BK | ||
| 999 | |c 27065 |d 27065 | ||
| 010 | |a 79970682 | ||
| 040 | |c ARCE Library | ||
| 043 | |a a-sy--- |a ma----- | ||
| 050 | 4 | |a DS36.7 .M83 v.1 | |
| 245 | 1 | 0 | |6 880-02 |a Muḥāḍarāt al-Majmaʻ al-ʻIlmī al-ʻArabī bi-Dimashq / |c Majmaʻ al-ʻIlmī al-ʻArabī bi-Dimashq. |
| 264 | 1 | |a Dimashq : |b al-Majmaʻ, |c 1925- | |
| 300 | |a volume <1> ; |c 27 cm. | ||
| 490 | 0 | |a Maṭbūʻāt al-Majmaʻ al-ʻIlmī al-ʻArabī bi-Dimashq. | |
| 504 | |a Includes bibliographical references. | ||
| 650 | 0 | |a Islam. | |
| 651 | 0 | |a Arab countries. | |
| 651 | 0 | |a Syria. | |
| 710 | 2 | |a Majmaʻ al-ʻIlmī al-ʻArabī bi-Dimashq. | |
| 880 | 1 | 0 | |6 245-02/(3/r |a محاضرات المجمع العلمي العربي بدمشق |c المجمع العلمي العربي بدمشق |
| 901 | |a reviewed | ||
| 942 | |c BK |2 lcc | ||
